000 00841nam a22002297a 4500
005 20170124110243.0
010 _aB-079930
020 _c1950.00
_a8173052387
035 _aB-079930
037 _bCen Lib/Ret
040 _aDPL
_bEN
082 _a915.4
_bKHA
100 _aKhanna, Amar Nath
_995971
245 _aPilgrim ashrines of Indian mythology, archaelogy, history and art :
_cby Amar Nath Khanna
_bHindu, Jain, Buddhist, Sikh, Jewish, Christian & Sufi /
260 _aNew Delhi
_bAryan Books International
_c2003
270 _bNew Delhi
_aPooja Apts., 4B, Ansari Road, Daryaganj
_e110002
300 _axxi,248p. :
_c26m(Hb)
_bill.
500 _aincludes bibliographical references and index
650 _aIndia -- Antiquities.
_919756
650 _aShrines -- India
_995972
942 _2ddc
_cEN
_h915.4
_mKHA
999 _c135294
_d135294